Country Flags With Orange - Statistics

General Stats
  • This quiz has been taken 19 times
  • The average score is 9 of 11
Answer Stats
Picture Answer % Correct
Cyprus
100%
India
100%
Ireland
100%
Bhutan
94%
Ivory Coast
94%
Belize
78%
Niger
78%
Armenia
72%
Haiti
72%
Marshall Islands
72%
Zambia
72%
No matching quizzes found
Score Distribution
Percent of People with Each Score
Percentile by Number Answered
Your Score History
You have not taken this quiz